000 00620cam a22002293a 4500
001 16283
003 PGUSA
005 20140828083340.0
008 050713s2005||||xxu|||||s|||||000 1 eng d
040 _aPGUSA
_beng
042 _adc
050 4 _aPS
100 1 _aHawthorne, Julian,
_d1846-1934
245 1 0 _aIdolatry :
_bA Romance
_h[electronic resource] /
_cJulian Hawthorne
260 _bProject Gutenberg,
_c2005
506 _aPublic domain in the USA.
516 _aElectronic text
653 _aFiction
830 0 _aProject Gutenberg
_v16283
856 4 0 _uhttp://www.gutenberg.org/ebooks/16283
942 _cEB
999 _c245538
_d245538